[Event "interzonal (w)"]
[Site "Genting Highlands MAS"]
[Date "1990.??.??"]
[Round "13"]
[White "Rudolph, Alexey"]
[Black "Wagner-Michel, Annett"]
[Result "0-1"]
[WhiteElo "2090"]
[BlackElo "2260"]
[EventDate "1990.06.??"]
[PlyCount "84"]

1.e4 c5 2.Nc3 Nc6 3.g3 g6 4.Bg2 Bg7 5.d3 e6 6.Be3 d6 7.Qd2 Rb8 8.Nh3 Bd7 
9.O-O b5 10.Rae1 Nge7 11.Bh6 O-O 12.Bxg7 Kxg7 13.f4 Qb6 14.g4 b4 15.Nd1 f5
16.Ne3 Rbe8 17.gxf5 exf5 18.Kh1 Nd8 19.c3 a5 20.Nd5 Nxd5 21.exd5 Nf7 22.
Rxe8 Rxe8 23.Re1 h6 24.Rxe8 Bxe8 25.b3 Qd8 26.d4 Qf6 27.cxb4 cxb4 28.a3 
bxa3 29.Qxa5 Qxd4 30.Qxa3 Bb5 31.Qc1 Kf6 32.Qe1 Bd7 33.Qc1 g5 34.Qc7 Bb5 
35.Qc1 g4 36.Ng1 h5 37.h3 Kg6 38.h4 Qf2 39.Be4 fxe4 40.Qc8 Qxf4 41.Qg8+ 
Kf6 42.Qh7 Qe5 0-1

[Event "interzonal (w)"]
[Site "Genting Highlands MAS"]
[Date "1990.??.??"]
[Round "13"]
[White "Sziva, Erika"]
[Black "Dahl, Ingrid"]
[Result "1-0"]
[WhiteElo "2250"]
[BlackElo "2100"]
[EventDate "1990.06.??"]
[PlyCount "65"]

1.e4 c6 2.d4 d5 3.exd5 cxd5 4.c4 Nf6 5.Nc3 e6 6.Nf3 Be7 7.cxd5 Nxd5 8.Bd3 
O-O 9.O-O Nc6 10.Re1 Nf6 11.a3 b6 12.Be3 Bb7 13.Qc2 g6 14.Rad1 Rc8 15.Bh6 
Re8 16.Qe2 Qd6 17.Bb5 Bf8 18.Bg5 Nd5 19.Ne4 Qb8 20.Ne5 Rc7 21.Ng4 Rec8 22.
Nef6+ Nxf6 23.Nxf6+ Kg7 24.Qe3 Be7 25.Qh3 h5 26.Qh4 Rh8 27.d5 exd5 28.Nxd5
Bxg5 29.Qxg5 Rcc8 30.Qf6+ Kh6 31.Ne3 Rhg8 32.Nf5+ Kh7 33.Qxf7+ 1-0

[Event "interzonal (w)"]
[Site "Genting Highlands MAS"]
[Date "1990.??.??"]
[Round "13"]
[White "Xie Jun"]
[Black "Alexandria, Nana"]
[Result "1-0"]
[WhiteElo "2360"]
[BlackElo "2360"]
[EventDate "1990.06.??"]
[PlyCount "125"]

1.e4 c5 2.Nf3 d6 3.d4 cxd4 4.Nxd4 Nf6 5.Nc3 a6 6.Be3 e6 7.f3 Nbd7 8.Qd2 b5
9.O-O-O Bb7 10.g4 h6 11.Bd3 Ne5 12.Rhe1 b4 13.Nce2 d5 14.exd5 Nxd5 15.Kb1 
Be7 16.f4 Nxd3 17.Qxd3 O-O 18.g5 hxg5 19.Rg1 Nxe3 20.Qxe3 Qd5 21.h4 Qe4 
22.Qg3 Rad8 23.hxg5 Bc5 24.Qf2 Rd7 25.Rd3 Rfd8 26.Rgd1 a5 27.g6 Qxg6 28.
Qh4 Bxd4 29.Nxd4 Rxd4 30.f5 Rxh4 31.Rxd8+ Kh7 32.fxg6+ Kxg6 33.R8d7 Be4 
34.b3 Kf6 35.Rf1+ Bf5 36.Ra7 g5 37.Rxa5 g4 38.Rg1 Rh3 39.Rb5 Re3 40.Rxb4 
Kg5 41.Kb2 Re5 42.a4 Be4 43.a5 f5 44.a6 Ra5 45.Rb6 Rc5 46.c4 e5 47.Rb5 Rc6
48.Ra5 Re6 49.a7 Ba8 50.Rd1 g3 51.Rd8 Bf3 52.Rad5 Bxd5 53.cxd5 Ra6 54.a8=Q
Rxa8 55.Rxa8 Kf6 56.Rf8+ Kg6 57.Rg8+ Kf7 58.Rxg3 f4 59.Rf3 Kf6 60.Kc3 Kf5 
61.d6 Ke6 62.Kd3 Kxd6 63.Ke4 1-0

[Event "interzonal (w)"]
[Site "Genting Highlands MAS"]
[Date "1990.??.??"]
[Round "14"]
[White "Forbes, Catherine"]
[Black "Zayats, Elena"]
[Result "1/2-1/2"]
[WhiteElo "2075"]
[BlackElo "2305"]
[EventDate "1990.06.??"]
[PlyCount "108"]

1.d4 Nf6 2.Nf3 d5 3.Bf4 c6 4.e3 Bf5 5.Nbd2 h6 6.h3 e6 7.c3 Qb6 8.Qb3 Nbd7 
9.Be2 Be7 10.O-O O-O 11.Rfc1 c5 12.c4 Bh7 13.Bh2 Rac8 14.cxd5 exd5 15.Ne5 
c4 16.Nxd7 Nxd7 17.Qxb6 Nxb6 18.Bf3 Rfd8 19.a4 a5 20.Nb1 Bxb1 21.Rcxb1 Bb4
22.g4 Na8 23.Bf4 Nc7 24.h4 Be7 25.Bg3 Na6 26.Kg2 Nb4 27.Rh1 Bd6 28.g5 Bxg3
29.Kxg3 Rc6 30.Bg2 Rb6 31.Bf1 Rc8 32.gxh6 Rg6+ 33.Kh3 Rxh6 34.Rc1 Rb6 35.
h5 Na6 36.Rc2 Nc7 37.Bg2 Rd8 38.Rhc1 Ne6 39.Kg4 Rb4 40.Ra1 Kf8 41.f4 Ke7 
42.f5 Nc7 43.Bf3 Ne8 44.Kf4 Nf6 45.Rg1 Ne8 46.Ra1 Rd6 47.Ke5 f6+ 48.Kf4 
Rd7 49.Rh2 Kd6 50.Ra2 Re7 51.Ra3 Rb6 52.Rc3 Rb4 53.Ra3 Rb6 54.Rc3 Rb4 
1/2-1/2

[Event "interzonal (w)"]
[Site "Genting Highlands MAS"]
[Date "1990.??.??"]
[Round "14"]
[White "Litinskaya, Marta"]
[Black "Sziva, Erika"]
[Result "1-0"]
[WhiteElo "2355"]
[BlackElo "2250"]
[EventDate "1990.06.??"]
[PlyCount "77"]

1.d4 Nf6 2.c4 g6 3.Nc3 Bg7 4.e4 d6 5.Nf3 O-O 6.h3 c6 7.Be3 a6 8.Bd3 b5 9.
e5 Ne8 10.Qe2 Qa5 11.Bd2 Qc7 12.O-O dxe5 13.dxe5 Be6 14.Rac1 Qb7 15.Bg5 
Kh8 16.Ne4 bxc4 17.Bxc4 Bxc4 18.Rxc4 a5 19.Nc5 Qc7 20.Rd1 Ra7 21.Bf4 Qc8 
22.Qe3 Na6 23.Nb3 Rd7 24.Rxd7 Qxd7 25.Nxa5 Qd5 26.Qc3 c5 27.Nb3 f6 28.Nxc5
Nxc5 29.Rxc5 Qxa2 30.b4 g5 31.Be3 h6 32.b5 fxe5 33.Nxe5 Qb1+ 34.Qc1 Qxc1+ 
35.Bxc1 Bxe5 36.Rxe5 Nd6 37.Rxe7 Rb8 38.Bb2+ Kg8 39.Be5 1-0

[Event "interzonal (w)"]
[Site "Genting Highlands MAS"]
[Date "1990.??.??"]
[Round "14"]
[White "Makropoulou, Marina"]
[Black "Gurieli, Nino"]
[Result "1/2-1/2"]
[WhiteElo "2230"]
[BlackElo "2340"]
[EventDate "1990.06.??"]
[PlyCount "28"]

1.e4 d6 2.d4 Nf6 3.Nc3 g6 4.Bc4 Bg7 5.Bb3 O-O 6.Nf3 Bg4 7.h3 Bxf3 8.Qxf3 
Nc6 9.Be3 e5 10.dxe5 dxe5 11.Ne2 Nd4 12.Nxd4 exd4 13.Bg5 Qe7 14.Bxf6 Bxf6 
1/2-1/2

[Event "interzonal (w)"]
[Site "Genting Highlands MAS"]
[Date "1990.??.??"]
[Round "14"]
[White "Maric, Alisa"]
[Black "Demina, Yulia"]
[Result "1/2-1/2"]
[WhiteElo "2305"]
[BlackElo "2310"]
[EventDate "1990.06.??"]
[PlyCount "113"]

1.d4 Nf6 2.c4 e6 3.Nc3 Bb4 4.Qc2 O-O 5.a3 Bxc3+ 6.Qxc3 b6 7.Bg5 c5 8.dxc5 
bxc5 9.e3 a5 10.Nf3 d6 11.Rd1 Ra6 12.Bd3 Nbd7 13.O-O a4 14.Qc2 Qc7 15.Nd2 
Bb7 16.Nb1 h6 17.Bh4 Ng4 18.Nc3 f5 19.Qe2 Nge5 20.f3 g5 21.Bg3 Qc6 22.Bc2 
Rfa8 23.Nb5 d5 24.cxd5 exd5 25.Bxf5 Ra5 26.Bxd7 Qxd7 27.Bxe5 Rxb5 28.f4 
Re8 29.Qd3 Bc6 30.Rf2 Rb3 31.Qd2 Re6 32.Rc1 gxf4 33.Bxf4 Rg6 34.Bg3 Qe6 
35.Rxc5 Rxe3 36.Rc1 Qe4 37.Rcf1 Rg7 38.Rf4 Re2 39.Rxe4 Rxd2 40.Re8+ Kh7 
41.Rff8 d4 42.Rh8+ Kg6 43.Re6+ Kg5 44.Re5+ Kg4 45.Rf8 Rxg2+ 46.Kf1 Rg5 47.
Rf4+ Kh5 48.Rh4+ Kg6 49.Rxg5+ hxg5 50.Rxd4 Rxb2 51.Rxa4 Bf3 52.Ra5 g4 53.
Bf4 Ra2 54.a4 Bd1 55.Rg5+ Kf6 56.a5 Rxh2 57.Bxh2 1/2-1/2

[Event "interzonal (w)"]
[Site "Genting Highlands MAS"]
[Date "1990.??.??"]
[Round "14"]
[White "Starr, Nava"]
[Black "Alexandria, Nana"]
[Result "0-1"]
[WhiteElo "2220"]
[BlackElo "2360"]
[EventDate "1990.06.??"]
[PlyCount "108"]

1.e4 c5 2.c3 d6 3.d4 Nf6 4.dxc5 Nc6 5.Qa4 d5 6.exd5 Qxd5 7.Nf3 e5 8.Bc4 
Qxc5 9.Be3 Qa5 10.Qxa5 Nxa5 11.Nxe5 Nxc4 12.Nxc4 b5 13.Nca3 a6 14.O-O Bf5 
15.Bd4 O-O-O 16.Nd2 Nd5 17.g3 Nb4 18.Nb3 Nd3 19.Nc2 Nxb2 20.Ne3 Bd3 21.
Rfe1 Na4 22.Red1 Be4 23.c4 f6 24.cxb5 axb5 25.Rac1+ Kb7 26.Nc5+ Bxc5 27.
Bxc5 Rxd1+ 28.Nxd1 Nxc5 29.Rxc5 Kb6 30.Rc1 Bf3 31.Ne3 Rd8 32.Rc2 b4 33.Kf1
Kb5 34.Ke1 Rd7 35.Rc8 Ka4 36.Rc2 g5 37.h3 h5 38.Rc5 Ka3 39.Ra5+ Kb2 40.Rb5
Rd4 41.Ra5 h4 42.g4 Be4 43.Ra4 Kc3 44.Ra5 Bb1 45.Nd1+ Kc2 46.Rc5+ Kd3 47.
Ra5 Re4+ 48.Ne3 Kc3 49.Ke2 Kb2 50.f3 Re5 51.Rxe5 fxe5 52.Nc4+ Kc3 53.Nxe5 
Bxa2 54.Nd3 Bc4 0-1

[Event "interzonal (w)"]
[Site "Genting Highlands MAS"]
[Date "1990.??.??"]
[Round "14"]
[White "Wagner-Michel, Annett"]
[Black "Hoiberg, Nina"]
[Result "1/2-1/2"]
[WhiteElo "2260"]
[BlackElo "2275"]
[EventDate "1990.06.??"]
[PlyCount "162"]

1.e4 d5 2.exd5 Qxd5 3.Nc3 Qa5 4.d4 Nf6 5.Nf3 Bf5 6.Bc4 c6 7.O-O e6 8.Re1 
Be7 9.Ne5 O-O 10.g4 Bg6 11.Bb3 Nfd7 12.Nc4 Qd8 13.Bf4 Nb6 14.Nxb6 axb6 15.
Bg3 Ra5 16.Ne2 Na6 17.Nf4 Nc7 18.Qe2 Bf6 19.Rad1 Nd5 20.Nxd5 exd5 21.Qf3 
Be4 22.Qe2 Ra8 23.f3 Bg6 24.c3 h5 25.h3 Qd7 26.Qd2 Rfe8 27.a3 Rxe1+ 28.
Rxe1 Re8 29.Kf2 Rxe1 30.Qxe1 c5 31.Qd2 Qb5 32.Bd1 cxd4 33.cxd4 Qc4 34.Be5 
Bxe5 35.dxe5 hxg4 36.hxg4 Qc5+ 37.Kg2 d4 38.Qg5 Qc8 39.Bb3 Bc2 40.Bxc2 
Qxc2+ 41.Kg3 Qc7 42.Qf4 Qd7 43.Kf2 d3 44.Ke1 Qc7 45.Qe3 Qc4 46.f4 Qc2 47.
Qd2 Qc4 48.Qe3 b5 49.f5 Kf8 50.g5 b4 51.axb4 Qxb4+ 52.Kd1 Qb3+ 53.Ke1 Qc2 
54.Qd2 Qc4 55.Qe3 Qb4+ 56.Kd1 Qg4+ 57.Kd2 Qxf5 58.Kc3 Kg8 59.b4 Kh7 60.b5 
d2 61.Kxd2 Qd7+ 62.Qd3+ Qxd3+ 63.Kxd3 Kg6 64.Kd4 Kxg5 65.Kc5 Kf5 66.Kb6 g5
67.Kxb7 g4 68.Kc6 g3 69.b6 g2 70.b7 g1=Q 71.b8=Q Qg6+ 72.Kd5 Qe6+ 73.Kd4 
Qd7+ 74.Kc5 Ke4 75.Qb1+ Kxe5 76.Qe1+ Kf6 77.Qh4+ Kg7 78.Qg5+ Kf8 79.Qh6+ 
Ke7 80.Qg5+ f6 81.Qg7+ Ke6 1/2-1/2

[Event "interzonal (w)"]
[Site "Genting Highlands MAS"]
[Date "1990.??.??"]
[Round "15"]
[White "Alexandria, Nana"]
[Black "Dahl, Ingrid"]
[Result "1-0"]
[WhiteElo "2360"]
[BlackElo "2100"]
[EventDate "1990.06.??"]
[PlyCount "79"]

1.d4 e6 2.c4 f5 3.Nf3 Nf6 4.g3 c6 5.Bg2 d5 6.O-O Bd6 7.Nc3 O-O 8.Qc2 Ne4 
9.Rb1 Nd7 10.b4 Nxc3 11.Qxc3 Nf6 12.Ne1 b6 13.Nd3 Ba6 14.b5 cxb5 15.c5 Be7
16.Qa3 Bb7 17.Rxb5 Qc8 18.Rb2 Nd7 19.Nf4 Qc6 20.Qe3 Kf7 21.Bd2 g5 22.Nd3 
bxc5 23.dxc5 Bf6 24.Rb3 a5 25.Bc3 Ba6 26.Bxf6 Kxf6 27.Qd4+ Kf7 28.Rb6 Qc7 
29.Rxe6 Kxe6 30.Bxd5+ Ke7 31.Qg7+ Kd8 32.Bxa8 Bxd3 33.exd3 Qxc5 34.Qxg5+ 
Qe7 35.Qd2 Qb4 36.Qg5+ Qe7 37.Qf4 Qa3 38.d4 Qxa2 39.Rc1 Qa3 40.Qc7+ 1-0

[Event "interzonal (w)"]
[Site "Genting Highlands MAS"]
[Date "1990.??.??"]
[Round "15"]
[White "Forbes, Catherine"]
[Black "Rudolph, Alexey"]
[Result "1-0"]
[WhiteElo "2075"]
[BlackElo "2090"]
[EventDate "1990.06.??"]
[PlyCount "97"]

1.d4 d6 2.e4 g6 3.Nf3 Bg7 4.Nc3 a6 5.h3 b5 6.a4 b4 7.Nb1 Nf6 8.Bd3 Nfd7 9.
O-O c5 10.c3 bxc3 11.bxc3 O-O 12.Re1 Nc6 13.Be3 cxd4 14.cxd4 Nb4 15.Bf1 
Bb7 16.Qd2 a5 17.Bh6 Rc8 18.Bxg7 Kxg7 19.Na3 Nf6 20.d5 Qb6 21.Nc4 Qa7 22.
Rab1 Ba6 23.Nxa5 Bxf1 24.Rxf1 Qxa5 25.Qxb4 Ra8 26.Qxa5 Rxa5 27.Rb4 Rfa8 
28.Ra1 Nd7 29.Nd4 Nc5 30.Nc6 Rxa4 31.Rbxa4 Rxa4 32.Rxa4 Nxa4 33.Nxe7 Nc3 
34.f3 Kf6 35.Nc6 Ne2+ 36.Kf2 Nf4 37.h4 h5 38.g3 Nd3+ 39.Ke3 Nc5 40.f4 Nd7 
41.Kd4 Nf8 42.Kc4 Nd7 43.Na7 Nc5 44.e5+ Kf5 45.Nc8 Kg4 46.Nxd6 Nd7 47.Nxf7
Kxg3 48.e6 Nf6 49.d6 1-0

[Event "interzonal (w)"]
[Site "Genting Highlands MAS"]
[Date "1990.??.??"]
[Round "15"]
[White "Starr, Nava"]
[Black "Makropoulou, Marina"]
[Result "1/2-1/2"]
[WhiteElo "2220"]
[BlackElo "2230"]
[EventDate "1990.06.??"]
[PlyCount "81"]

1.e4 Nc6 2.Nf3 d6 3.d4 Nf6 4.Nc3 Bg4 5.Be2 e6 6.Be3 Be7 7.h3 Bh5 8.d5 exd5
9.exd5 Bxf3 10.Bxf3 Ne5 11.Be2 Nfd7 12.Qd2 a6 13.O-O O-O 14.f4 Ng6 15.Ne4 
f5 16.Ng3 Bh4 17.Nh5 Nf6 18.Nxf6+ Bxf6 19.c4 Re8 20.Rf3 Qd7 21.Bd3 Kh8 22.
Kh2 Re7 23.Bf2 Nh4 24.Rg3 Rae8 25.Re1 Rxe1 26.Bxe1 Ng6 27.Rf3 Nf8 28.Bf2 
g6 29.Qb4 b6 30.Qd2 a5 31.Re3 Rxe3 32.Bxe3 Qg7 33.b3 Nd7 34.Qe2 Kg8 35.Bf2
Qe7 36.g4 Qxe2 37.Bxe2 fxg4 38.hxg4 Bc3 39.Kg3 Kf7 40.g5 Nc5 41.Bxc5 
1/2-1/2

[Event "interzonal (w)"]
[Site "Genting Highlands MAS"]
[Date "1990.??.??"]
[Round "15"]
[White "Zayats, Elena"]
[Black "Lematschko, Tatjana"]
[Result "1-0"]
[WhiteElo "2305"]
[BlackElo "2325"]
[EventDate "1990.06.??"]
[PlyCount "87"]

1.d4 g6 2.e4 Bg7 3.c4 d6 4.Nc3 Nc6 5.d5 Nd4 6.Be3 c5 7.Nge2 Qb6 8.Na4 Qa5+
9.Bd2 Qa6 10.Nxd4 Bxd4 11.Nc3 Bd7 12.Bd3 e5 13.O-O Qb6 14.Rb1 Ne7 15.Ne2 
f5 16.Nxd4 cxd4 17.exf5 Nxf5 18.b4 O-O 19.Qe2 Rae8 20.f3 Ne7 21.c5 Qc7 22.
Be4 a6 23.Rfc1 Bb5 24.Qd1 Qd7 25.Qb3 Nf5 26.c6 Qf7 27.Re1 bxc6 28.a4 Bxa4 
29.Qxa4 cxd5 30.Bc2 Qa7 31.Bb3 d3+ 32.Kh1 Qf2 33.Bxd5+ Kh8 34.Qd1 Nh4 35.
Rg1 Nf5 36.Rf1 Qd4 37.Qb3 Rc8 38.Be4 Rc2 39.Rbd1 d5 40.Qxd5 Rd8 41.Qxd4 
Rxd4 42.Bg5 Rxb4 43.Rxd3 Rc8 44.g4 1-0

[Event "interzonal (w)"]
[Site "Genting Highlands MAS"]
[Date "1990.??.??"]
[Round "16"]
[White "Akhsharumova, Anna"]
[Black "Maric, Alisa"]
[Result "0-1"]
[WhiteElo "2395"]
[BlackElo "2305"]
[EventDate "1990.06.??"]
[PlyCount "120"]

1.d4 Nf6 2.c4 e6 3.Nc3 Bb4 4.Qc2 O-O 5.a3 Bxc3+ 6.Qxc3 b6 7.Bg5 Bb7 8.Nh3 
h6 9.Bh4 d5 10.cxd5 exd5 11.e3 Re8 12.Bd3 c5 13.O-O c4 14.Bc2 Nc6 15.f3 b5
16.Nf2 Qd6 17.Rad1 a5 18.e4 b4 19.Qd2 dxe4 20.fxe4 Red8 21.d5 Ne5 22.Qd4 
b3 23.Bb1 Re8 24.Rd2 Nh5 25.Nd1 Ng4 26.e5 Nxe5 27.Ne3 g5 28.Nf5 Qf6 29.Ng3
Nf4 30.Nh5 Ne2+ 31.Rxe2 Nf3+ 32.gxf3 Qxd4+ 33.Bf2 Qh8 34.Rd2 c3 35.bxc3 
Ba6 36.Bd4 Bxf1 37.Nf6+ Qxf6 38.Bxf6 Bb5 39.Bf5 Rab8 40.d6 Rb7 41.c4 Bd7 
42.Bxd7 Rxd7 43.c5 Re1+ 44.Kf2 Rc1 45.Rd5 Kh7 46.Ke2 Kg6 47.Bd4 f6 48.Kd2 
Rc2+ 49.Kd3 Kf7 50.Rf5 Ke6 51.Rxf6+ Kd5 52.Rxh6 Rc4 53.Bh8 Rxc5 54.h4 gxh4
55.Rxh4 Rxd6 56.f4 Kc6+ 57.Ke3 Rd1 58.Rh6+ Kb5 59.Bd4 Rd5 60.Bg7 Ka4 0-1

[Event "interzonal (w)"]
[Site "Genting Highlands MAS"]
[Date "1990.??.??"]
[Round "16"]
[White "Dahl, Ingrid"]
[Black "Gurieli, Nino"]
[Result "0-1"]
[WhiteElo "2100"]
[BlackElo "2340"]
[EventDate "1990.06.??"]
[PlyCount "122"]

1.e4 d6 2.d4 Nf6 3.Nc3 g6 4.Nf3 Bg7 5.h3 O-O 6.Be3 c6 7.Bd3 b5 8.Qd2 Nbd7 
9.e5 Ne8 10.Bh6 dxe5 11.Bxg7 Kxg7 12.Nxe5 Nxe5 13.dxe5 b4 14.Ne2 Qa5 15.
O-O Qxe5 16.Qxb4 Nf6 17.Qd4 Qc7 18.Ng3 c5 19.Qc3 Bb7 20.Be4 Kg8 21.Bxb7 
Qxb7 22.Rfe1 c4 23.Qxc4 Qxb2 24.Qb3 Qd4 25.Rad1 Qc5 26.Qe3 Qxe3 27.Rxe3 e6
28.c4 Rfc8 29.Ne4 Nxe4 30.Rxe4 Rc7 31.Rd3 Rb8 32.Ra3 Rb2 33.Rd4 Kg7 34.
Rdd3 Rxc4 35.Rxa7 Rc1+ 36.Kh2 Rxf2 37.Rf3 Rxf3 38.gxf3 g5 39.a4 Rc3 40.Kg2
h5 41.a5 Rc2+ 42.Kg1 Ra2 43.a6 Kg6 44.Ra8 h4 45.Ra7 f6 46.Ra8 Kf5 47.a7 
Ke5 48.Kf1 f5 49.Kg1 Kf4 50.Re8 Rxa7 51.Rxe6 Kxf3 52.Rb6 Ra4 53.Rb3+ Kf4 
54.Kg2 g4 55.hxg4 fxg4 56.Rc3 h3+ 57.Kh2 Ra2+ 58.Kg1 Re2 59.Rb3 Re3 60.Rb2
Re1+ 61.Kh2 g3+ 0-1

[Event "interzonal (w)"]
[Site "Genting Highlands MAS"]
[Date "1990.??.??"]
[Round "16"]
[White "Hoiberg, Nina"]
[Black "Starr, Nava"]
[Result "1-0"]
[WhiteElo "2275"]
[BlackElo "2220"]
[EventDate "1990.06.??"]
[PlyCount "161"]

1.e4 e5 2.Nf3 Nc6 3.Bc4 Bc5 4.d3 Nf6 5.c3 O-O 6.b4 Bb6 7.a4 a6 8.O-O h6 9.
Nbd2 d5 10.Ba2 dxe4 11.dxe4 Qd3 12.b5 axb5 13.axb5 Na5 14.Bc4 Qxc3 15.Ra3 
Qb4 16.Ra4 Qe7 17.Ba3 Bc5 18.Bxc5 Qxc5 19.Qa1 b6 20.Rc1 Qd6 21.Nxe5 Nxc4 
22.Nexc4 Rxa4 23.Qxa4 Qd4 24.Qc2 Bb7 25.Re1 Ra8 26.Nb3 Qd7 27.Ne5 Qxb5 28.
Qxc7 Qxb3 29.Qxb7 Rd8 30.h3 Rd1 31.Rxd1 Qxd1+ 32.Kh2 Qb3 33.Nc6 Qe6 34.e5 
Nd5 35.Kg1 Kh7 36.g3 Qf5 37.Nd8 Qxe5 38.Qxf7 b5 39.Ne6 Qf6 40.Nf8+ Kh8 41.
Qxd5 Qxf8 42.Qxb5 Qc8 43.Kh2 Qc2 44.Qe8+ Kh7 45.Qe3 Qc6 46.g4 Qd5 47.h4 
Qd6+ 48.Kg2 Qf6 49.Qe4+ Kg8 50.Qd5+ Kh8 51.g5 Qf4 52.Qe6 hxg5 53.Qe8+ Kh7 
54.Qh5+ Kg8 55.hxg5 Qe4+ 56.Kg3 Qd3+ 57.Qf3 Qd6+ 58.Qf4 Qd3+ 59.Qe3 Qd6+ 
60.f4 Kf7 61.Qb3+ Ke7 62.Qc3 Kf7 63.Qc4+ Kf8 64.Qc8+ Ke7 65.Qf5 Qd1 66.
Qe4+ Kf7 67.Kh4 g6 68.Qc4+ Kf8 69.Kg3 Qe1+ 70.Kf3 Qd1+ 71.Ke4 Qb1+ 72.Ke5 
Kg7 73.Qc7+ Kf8 74.Qd8+ Kg7 75.Qd7+ Kf8 76.Kf6 Qb6+ 77.Qe6 Qd4+ 78.Kxg6 
Qxf4 79.Qf6+ Qxf6+ 80.Kxf6 Kg8 81.Kg6 1-0

[Event "interzonal (w)"]
[Site "Genting Highlands MAS"]
[Date "1990.??.??"]
[Round "16"]
[White "Makropoulou, Marina"]
[Black "Zayats, Elena"]
[Result "0-1"]
[WhiteElo "2230"]
[BlackElo "2305"]
[EventDate "1990.06.??"]
[PlyCount "94"]

1.e4 e5 2.Nf3 Nc6 3.Bb5 Nf6 4.O-O Nxe4 5.d4 Nd6 6.Bxc6 dxc6 7.dxe5 Nf5 8.
Qxd8+ Kxd8 9.Rd1+ Ke8 10.Nc3 Be6 11.h3 Bb4 12.Ne2 Bd5 13.Nfd4 Nxd4 14.Rxd4
Bc5 15.Rg4 g6 16.Bg5 Be7 17.Bh6 Bf8 18.Bxf8 Kxf8 19.Rd1 Ke7 20.Rgd4 Rhd8 
21.b3 Be6 22.g4 Rxd4 23.Rxd4 c5 24.Rd2 a5 25.f4 c4 26.Nd4 Rd8 27.Kf2 c3 
28.Rd3 c5 29.Ne2 Rxd3 30.cxd3 c2 31.Ke3 h5 32.f5 Bc8 33.Kd2 hxg4 34.hxg4 
gxf5 35.gxf5 Bxf5 36.Kxc2 Ke6 37.Kc3 Kxe5 38.d4+ cxd4+ 39.Nxd4 Bd7 40.Nf3+
Kd5 41.a4 Bg4 42.Nd2 Be2 43.b4 axb4+ 44.Kxb4 f5 45.Nb3 f4 46.Kc3 f3 47.Kd2
Bc4 0-1

[Event "interzonal (w)"]
[Site "Genting Highlands MAS"]
[Date "1990.??.??"]
[Round "16"]
[White "Rudolph, Alexey"]
[Black "Demina, Yulia"]
[Result "0-1"]
[WhiteElo "2090"]
[BlackElo "2310"]
[EventDate "1990.06.??"]
[PlyCount "82"]

1.d4 Nf6 2.Nf3 e6 3.e3 c5 4.c4 cxd4 5.exd4 d5 6.Nc3 Be7 7.Bd3 dxc4 8.Bxc4 
O-O 9.O-O Nbd7 10.Be3 Nb6 11.Bd3 Bd7 12.Ne5 Rc8 13.Rc1 Bc6 14.Qe2 Bd5 15.
h3 a6 16.Rfd1 Rc7 17.Bb1 Re8 18.Bf4 Rc8 19.Nd3 Bc4 20.b3 Bxd3 21.Qxd3 g6 
22.Ne4 Nxe4 23.Qxe4 Nd5 24.Rxc8 Qxc8 25.Rc1 Qd8 26.Be5 Ba3 27.Rc4 Qd7 28.
Qh4 b5 29.Rc7 Qd8 30.Qxd8 Rxd8 31.Ra7 f6 32.Bg3 Nb4 33.Kh2 Rxd4 34.h4 f5 
35.Ra8+ Kf7 36.Ra7+ Kf6 37.h5 gxh5 38.Rxh7 Rd1 39.Bxf5 exf5 40.Rxh5 Kg6 
41.Rh8 Nxa2 0-1

[Event "interzonal (w)"]
[Site "Genting Highlands MAS"]
[Date "1990.??.??"]
[Round "16"]
[White "Xie Jun"]
[Black "Forbes, Catherine"]
[Result "1-0"]
[WhiteElo "2360"]
[BlackElo "2075"]
[EventDate "1990.06.??"]
[PlyCount "61"]

1.e4 c5 2.Nf3 e6 3.d4 cxd4 4.Nxd4 a6 5.Bd3 Qc7 6.O-O Nc6 7.Be3 Bd6 8.Nxc6 
bxc6 9.h3 Bf4 10.Qg4 g5 11.Nd2 h5 12.Bxf4 Qxf4 13.Qe2 d5 14.c4 Nf6 15.Rac1
h4 16.exd5 g4 17.Qe3 Nh5 18.hxg4 Qxg4 19.Be2 Qg7 20.dxe6 Bxe6 21.Bf3 Rd8 
22.Qc5 Rxd2 23.Bxc6+ Kd8 24.Rcd1 Qxb2 25.Qa5+ Ke7 26.Rxd2 Qb8 27.Qg5+ f6 
28.Qe3 h3 29.Rd7+ Kf8 30.Qxe6 h2+ 31.Kh1 1-0

[Event "interzonal (w)"]
[Site "Genting Highlands MAS"]
[Date "1990.??.??"]
[Round "17"]
[White "Gurieli, Nino"]
[Black "Akhsharumova, Anna"]
[Result "1/2-1/2"]
[WhiteElo "2340"]
[BlackElo "2395"]
[EventDate "1990.06.??"]
[PlyCount "106"]

1.e4 c5 2.c3 e6 3.d4 d5 4.exd5 exd5 5.Bb5+ Nc6 6.Nf3 a6 7.Bxc6+ bxc6 8.O-O
Bd6 9.dxc5 Bxc5 10.Ne5 Ne7 11.Bg5 Bb7 12.Nd2 O-O 13.Nb3 Bd6 14.Nf3 c5 15.
Re1 Re8 16.Bh4 Qc7 17.Bg3 Red8 18.Bxd6 Qxd6 19.Na5 Rab8 20.Nxb7 Rxb7 21.
Qe2 Ng6 22.g3 h6 23.Rad1 Qb6 24.b3 a5 25.Qd3 Qf6 26.h4 Rbb8 27.h5 Nf8 28.
Kg2 Nh7 29.Re5 c4 30.Qe3 cxb3 31.axb3 Rxb3 32.Rdxd5 Rxd5 33.Rxd5 Nf8 34.
Rxa5 Rxc3 35.Qe4 Qd8 36.Ra8 Rc8 37.Rxc8 Qxc8 38.Qd5 Nh7 39.Ne5 Qe8 40.Nd3 
Nf6 41.Qf3 Qb5 42.Nf4 Qf5 43.Qa8+ Kh7 44.Qf3 Qd7 45.Nd3 Qb5 46.Nf4 Qf5 47.
Qe2 Kg8 48.Qf3 Qe4 49.Qxe4 Nxe4 50.f3 Nf6 51.g4 Kf8 52.Kg3 Ke7 53.Ne2 g6 
1/2-1/2

[Event "interzonal (w)"]
[Site "Genting Highlands MAS"]
[Date "1990.??.??"]
[Round "17"]
[White "Lematschko, Tatjana"]
[Black "Demina, Yulia"]
[Result "1/2-1/2"]
[WhiteElo "2325"]
[BlackElo "2310"]
[EventDate "1990.06.??"]
[PlyCount "110"]

1.c4 e5 2.g3 Nf6 3.Bg2 d5 4.cxd5 Nxd5 5.Nc3 Nb6 6.Nf3 Nc6 7.d3 Be7 8.a3 
O-O 9.O-O Be6 10.b4 f6 11.Qc2 Qc8 12.Ne4 Rd8 13.Bb2 Nd4 14.Nxd4 exd4 15.
Rac1 c6 16.Nc5 a5 17.b5 Bxc5 18.Qxc5 Na4 19.Qc2 cxb5 20.Qd2 Qd7 21.Rfe1 
Bd5 22.Bf1 Bc6 23.Rc2 Qd5 24.f3 Nxb2 25.Rxb2 Qc5 26.Ra1 Qg5 27.Qxg5 fxg5 
28.Bh3 g6 29.Rc1 Rd6 30.Rc5 h6 31.Re5 Kf7 32.Kf2 Kf6 33.f4 gxf4 34.gxf4 
Re8 35.Rxe8 Bxe8 36.e4 dxe3+ 37.Kxe3 Bc6 38.Bg4 Ke7 39.h4 h5 40.Bh3 Kf6 
41.Rf2 Rd5 42.Rc2 Ke7 43.Bg2 Rd6 44.Be4 Bxe4 45.dxe4 Rc6 46.Rb2 Rc5 47.Kd4
b6 48.Kd3 Kd7 49.Rb1 Kc7 50.Rg1 Rc6 51.Kd4 Rc4+ 52.Kd5 Rc5+ 53.Kd4 Rc4+ 
54.Kd5 Rc5+ 55.Kd4 Rc4+ 1/2-1/2

[Event "interzonal (w)"]
[Site "Genting Highlands MAS"]
[Date "1990.??.??"]
[Round "17"]
[White "Litinskaya, Marta"]
[Black "Xie Jun"]
[Result "1-0"]
[WhiteElo "2355"]
[BlackElo "2360"]
[EventDate "1990.06.??"]
[PlyCount "101"]

1.d4 Nf6 2.c4 g6 3.Nc3 Bg7 4.e4 d6 5.Nf3 O-O 6.h3 c5 7.d5 e6 8.Bd3 Na6 9.
Bg5 Nc7 10.O-O h6 11.Be3 exd5 12.exd5 b5 13.b3 a5 14.Qd2 Kh7 15.cxb5 Ncxd5
16.Nxd5 Nxd5 17.Bxg6+ fxg6 18.Qxd5 Bxh3 19.Rad1 Bg4 20.Qxd6 Qe8 21.Qc6 
Qxc6 22.bxc6 Rac8 23.Bxc5 Rf5 24.Be3 Bxf3 25.gxf3 Rxc6 26.Kg2 g5 27.Rd7 
Rcf6 28.Rc1 Kg6 29.Ra7 Bf8 30.Rc8 Rf7 31.Rc6+ Kh7 32.Raa6 h5 33.Bd4 h4 34.
Be3 Bg7 35.Bb6 R7f6 36.Be3 Rf7 37.Rc5 Rxc5 38.Bxc5 Bc3 39.Be3 Rf5 40.Rc6 
Bb4 41.Kh3 Rxf3+ 42.Kg4 Rf8 43.Kxg5 Be7+ 44.Kg4 Kg8 45.Re6 Bd8 46.Ra6 Re8 
47.Kh3 Kf8 48.Bc5+ Kg8 49.f4 Re2 50.Ra8 Re8 51.Bb6 1-0

[Event "interzonal (w)"]
[Site "Genting Highlands MAS"]
[Date "1990.??.??"]
[Round "17"]
[White "Rudolph, Alexey"]
[Black "Starr, Nava"]
[Result "0-1"]
[WhiteElo "2090"]
[BlackElo "2220"]
[EventDate "1990.06.??"]
[PlyCount "122"]

1.e4 e5 2.Nf3 Nc6 3.Bb5 f5 4.Qe2 fxe4 5.Bxc6 dxc6 6.Qxe4 Bd6 7.Nxe5 Nf6 8.
Qe2 O-O 9.O-O Re8 10.d4 c5 11.c3 cxd4 12.cxd4 c5 13.Rd1 cxd4 14.Bf4 Bxe5 
15.Bxe5 Qd5 16.f4 Bg4 17.Qd3 Bxd1 18.Qxd1 Rad8 19.Nd2 d3 20.Rc1 Rxe5 21.
fxe5 Qd4+ 22.Kh1 Ng4 23.Qe1 Nxe5 24.b3 Rf8 25.h3 Nc6 26.Qe6+ Kh8 27.Rf1 
Rxf1+ 28.Nxf1 Qd8 29.Nd2 h6 30.Qf7 Ne7 31.Qf3 b6 32.Qf7 Kh7 33.Nf3 Ng6 34.
Nd2 Qg5 35.Qf2 Qe5 36.Nf3 Qf4 37.Qd2 Qf5 38.a4 Qd5 39.b4 Qc4 40.a5 Nf4 41.
axb6 axb6 42.Kg1 Nd5 43.Qe1 Nxb4 44.Qe5 Qc5+ 45.Kf1 Qxe5 46.Nxe5 g5 47.Ke1
Kg7 48.Kd2 h5 49.g3 Kf6 50.Nd7+ Kf5 51.Nxb6 Ke4 52.Nd7 Kf3 53.h4 g4 54.Nf6
Kxg3 55.Nxh5+ Kxh4 56.Nf4 Kg3 57.Ke3 Nc2+ 58.Ke4 Ne1 59.Nd5 Kf2 60.Ne3 g3 
61.Kd4 Nc2+ 0-1

[Event "interzonal (w)"]
[Site "Genting Highlands MAS"]
[Date "1990.??.??"]
[Round "17"]
[White "Wagner-Michel, Annett"]
[Black "Alexandria, Nana"]
[Result "0-1"]
[WhiteElo "2260"]
[BlackElo "2360"]
[EventDate "1990.06.??"]
[PlyCount "106"]

1.e4 c5 2.Nf3 b6 3.d4 cxd4 4.Nxd4 Bb7 5.Bd3 e6 6.O-O Nc6 7.Nxc6 Bxc6 8.Qe2
Qh4 9.Nc3 Bd6 10.e5 Bc7 11.Nb5 Bb8 12.g3 Qd8 13.Rd1 Ne7 14.Bg5 h6 15.Bxe7 
Qxe7 16.Be4 O-O 17.Nd4 Bxe4 18.Qxe4 d5 19.exd6 Bxd6 20.Rd2 Rac8 21.Rad1 
Bb8 22.c3 a6 23.Nf3 Qf6 24.Rd7 b5 25.Kg2 e5 26.Qb7 Rfe8 27.Nd2 Qe6 28.Ne4 
Qxa2 29.Nd6 Bxd6 30.R1xd6 Rb8 31.Qc7 Rf8 32.Re7 Rbe8 33.Rxe8 Rxe8 34.Qc6 
Rb8 35.Qc7 Rf8 36.Qc6 Qxb2 37.Qxa6 e4 38.Qb7 e3 39.Qf3 Re8 40.Rd7 Qa2 41.
c4 Qxc4 42.fxe3 b4 43.Rb7 Rd8 44.g4 b3 45.Kg3 Qe6 46.Qf4 g5 47.Qf3 Rd3 48.
Kf2 Rd2+ 49.Kg1 Qc4 50.Rb8+ Kg7 51.Rb7 Qc1+ 52.Qf1 Qxf1+ 53.Kxf1 b2 0-1